| 000 | 00421nam a2200181Ia 4500 | ||
|---|---|---|---|
| 001 | 9044 | ||
| 005 | 20260306160654.0 | ||
| 008 | 260306t1969||||xx |||||||||||||| ||spa|| | ||
| 041 | _aESP | ||
| 082 |
_a372.4 _bG317 |
||
| 100 |
_aGarelli, Juan Carlos, _eAUT |
||
| 245 | 0 | _aMétodo de lectura veloz | |
| 260 | _c1969 | ||
| 300 |
_a284 páginas : _c22 cm. |
||
| 650 | _aGEN | ||
| 654 | _aCED | ||
| 942 |
_cLIB _dJUS _fJUS _2ddc _n |
||
| 999 |
_c9044 _d9044 |
||